01299nam a22002417a 4500003001700000005001700017008004100034020001800075040000700093041001200100082001600112100002200128245001300150260002600163300002600189365005400215440003600269520053400305650004100839942001200880999001900892952014600911St Aloysius Coll20260130122549.0251202b |||||||| |||| 00| 0 eng d a9780349442273 cAL aEnglish a813.6bHUAD aAna Huang9247298 aDefender aLondonbPiatkusc2025 a448p.bPBc20x12.5cm. 2GeneralaRLR8-6617204c₹f15/11/2025b₹497.00 aGods of the game series9247480 aNo. 1 Sunday Times bestselling author Ana Huang is back with the next book in the Gods of the Game series He has to play by the rules but for her, he'd break them all. As the captain of Black castle Football Club and one of the highest-paid athletes in the game, Vincent DuBois should be on top of the world.​But when his fame brings danger to his doorstep, he finds himself in his worst nightmare scenario - secretly sharing a flat with his coach's daughter, knowing full well she's far too big a temptation for him to resist. 2LiteratureaAmerican fiction9247299 2ddccBK c240702d240702 00102ddc40708MAJMCaSACPGbSACPGd2025-12-17eAmazong497.00l3m1o813.6 HUADpPG025132r2026-03-23 12:02:30s2026-03-13w0000-00-00yBK